Trovão, ouve o meu grito (Registo nº 27158)
[ vista simples ]
| 000 -Etiqueta do registo | |
|---|---|
| Valores | 00721nam a2200265 4500 |
| 021 ## - Número do Depósito Legal | |
| -- | PT |
| Número | 10 685/85 |
| 090 ## - | |
| -- | 27158 |
| 100 ## - Dados gerais de processamento | |
| Dados gerais | 20060130d1986 em y0pory5003 ba |
| 106 ## - | |
| -- | r |
| 105 ## - | |
| -- | a z 000ay |
| 102 ## - País de publicação | |
| -- | PT |
| 101 1# - Língua de publicação | |
| -- | por |
| -- | eng |
| 200 1# - Titulo e menção de responsabilidade | |
| Título próprio | Trovão, ouve o meu grito |
| Primeira menção de responsabilidade | Mildred D. Taylor |
| Outras menções de responsabilidade | ilust. Rui M. Filipe |
| -- | trad. Manuel Ruas |
| 215 ## - Descrição física | |
| Paginação / Volumes | 256, [4] p. |
| Dimensões | 19 cm |
| 210 ## - Publicação | |
| Local de publicação | Lisboa |
| Nome do editor | Editorial Caminho |
| Data de publicação | 1986 |
| 225 2# - Colecção | |
| Título próprio da colecção | Caminho Jovens |
| 675 ## - CDU | |
| Notação | 087.5 |
| Edição | BN |
| Língua | por |
| 675 ## - CDU | |
| Notação | 821.111(73)"19" |
| Edição | BN |
| Língua | por |
| 702 #1 - Autor secundário (pessoa individual) | |
| Apelido | Filipe |
| Nome | Rui M. |
| -- | 440 |
| 702 #1 - Autor secundário (pessoa individual) | |
| Apelido | Ruas |
| Nome | Manuel |
| -- | 730 |
| ID Autoridade | 3260 |
| 700 #1 - Autor principal (pessoa individual) | |
| Apelido | Taylor |
| Nome | Mildred D. |
| 930 ## - | |
| -- | BE/CRE |
| 990 ## - Elementos KOHA | |
| Tipo de documento | Livro |
| 995 ## - Localização e informação dos exemplares | |
| -- | 18 |
| Situação do levantamento | Estado | Biblioteca de origem | Biblioteca de empréstimo | Código de barras | Cota | Permissão de empréstimo | Tipo de documento |
|---|---|---|---|---|---|---|---|
| Completo | Biblioteca da Escola Básica e Secundária Dr Isidoro de Sousa | Biblioteca da Escola Básica e Secundária Dr Isidoro de Sousa | 3948EV | 087.5 TAY | Disponível | Livro |